Електрозадвижване и автоматизация на подемно-транспортни и строителни машини (Запис номер 60029)
[ съкратено ]
| 000 -Лидер | |
|---|---|
| Контролно поле с фиксирана дължина | 01593nam a2200313 c 4500 |
| 003 - Код на организацията, давaща контролен номер | |
| Контролно поле | BLK |
| 005 - Дата и час на последна редакция | |
| Контролно поле | 20221109121831.0 |
| 008 - Елементи от данни с фиксирана дължина | |
| fixed length control field | 180408b bul|||||r ||||||| ||bul|| |
| 010 ## - Наследен системен номер | |
| LC control number | KNG00064159000 |
| 040 ## - Източник на каталожния запис | |
| Идентификатор на билиотеката - собственик на записа | BLK |
| 041 ## - Код за език | |
| Код за езика на текст/звукозапис или на отделно заглавие | Български |
| Код за езика КДБФ | Български |
| 080 ## - УДК | |
| Текстов определител УДК | Подемно-транспортно оборудване в цялост. Вж и 621.87; 625.08; 625.1/.5; 625.5; 629.1; 658.286.2 |
| УДК код - определител по УДК | 621.86 |
| УДК определител | (075.8) |
| УДК - код + определител | 621.86(075.8) |
| 080 ## - УДК | |
| Текстов определител УДК | Строителни машини |
| УДК код - определител по УДК | 69.002.5 |
| УДК определител | (075.8) |
| УДК - код + определител | 69.002.5(075.8) |
| 100 1# - Редна дума - Автор | |
| Автор | Миленков, Светослав Йорданов |
| Авторска отговорност | първи автор |
| R(LIN) | 261241 |
| 139 ## - Редно поле | |
| Редна дума | Миленков, Светослав Йорданов |
| Авторски знак | Миле - М 57 |
| 245 10 - Сведения за заглавието | |
| Заглавие | Електрозадвижване и автоматизация на подемно-транспортни и строителни машини |
| Подзаглавни данни | Учебник за студентите от ВМЕИ В. И. Ленин - София |
| Редно поле (дума) | Светослав Йорданов Миленков. |
| 257 ## - Страна на издаване | |
| Страна на създаване/издаване | България |
| 260 ## - Област на издателските данни | |
| Място на издаване, разпространение и проч. | София |
| Име на издателя, разпространителя и проч. | Техника |
| Година на издаване | 1978 |
| 300 ## - Физическа характеристика | |
| Страници | 300 с. |
| Илюстрации и др. | с черт. |
| Размери/Мащаб | 22 см |
| 380 ## - Жанр | |
| Жанр | Техника |
| 650 #4 - Допълнително описание по предмет – тема | |
| Основно описание – тема или топоним | Подемно-транспортни машини - електрозадвижване и автоматизация |
| 9 (RLIN) | 289528 |
| 650 #4 - Допълнително описание по предмет – тема | |
| Основно описание – тема или топоним | Строителни машини |
| 9 (RLIN) | 261242 |
| 650 #4 - Допълнително описание по предмет – тема | |
| Основно описание – тема или топоним | Автоматизация - подемно-транспортни и строителни машини |
| 9 (RLIN) | 289529 |
| 852 ## - Местоположение | |
| Форматна сигнатура | Цб 91529 |
| 856 4# - Електронен адрес и достъп | |
| Електронен формат | pdf - файл |
| Инструкция (цена за достъп) | 0.00 |
| Права за достъп | disable |
| 856 4# - Електронен адрес и достъп | |
| Електронен формат | pdf - файл |
| Инструкция (цена за достъп) | 0.00 |
| Права за достъп | disable |
| 999 ## - СИСТЕМНИ КОНТРОЛНИ НОМЕРА | |
| Koha biblionumber | 60029 |
| Koha biblioitemnumber | 60029 |
| 942 ## - АРТИКУЛИ | |
| Вид на библиотечния материал | Книги |
| Скрит в OPAC | Не |
| Периодичен библиозапис | Да |
| 944 ## - СЪЗДАВАНЕ И РЕДАКЦИЯ на ЗАПИСА | |
| Създаване/Редакция | Създаване |
| Дата на регистрацията/редакция | 13.06.2004 |
| Служител, извършил регистрацията/редакцията | Читалня |
| 944 ## - СЪЗДАВАНЕ И РЕДАКЦИЯ на ЗАПИСА | |
| Създаване/Редакция | Редакция |
| Дата на регистрацията/редакция | 27.08.2015 |
| Служител, извършил регистрацията/редакцията | Геновева_Генчева |
| 944 ## - СЪЗДАВАНЕ И РЕДАКЦИЯ на ЗАПИСА | |
| Създаване/Редакция | Редакция |
| Дата на регистрацията/редакция | 2022-11-09 |
| Служител, извършил регистрацията/редакцията | Христина Везирева |
| 999 ## - СИСТЕМНИ КОНТРОЛНИ НОМЕРА | |
| Koha biblioitemnumber | 60029 |
| Код за отписване | Код за изгубен артикул | Източник на класификационната схема | Код за повреда | Коз за рестрикции | Код за отдаване | Артикулен № | Име на библиотеката - собственик | Име на библиотеката, в която се намира в момента | Статус (Текущо местоположение) | Дата на вписване в системата | Местоположение - отдел | Цена в лева | Инвентарен номер | Систематично азбучна сигнатура | Баркод | Номер на екземпляра | Цена в евро | Служебна бележка | Служебен тип на артикула |
|---|---|---|---|---|---|---|---|---|---|---|---|---|---|---|---|---|---|---|---|
| Изтеглен | Не е изгубен | Universal Decimal Classification | Не е повреден | без рестрикции | ползва се в читалня | 98521 | Регионална библиотека "Любен Каравелов" Русе | Регионална библиотека "Любен Каравелов" Русе | Читалня | 1993-01-01 | Читалня | 0.91 | 257191 | Ч 621.86/М 57 | 257191 | 1 | 0.47 | Дата инв: 24.03.2017 Бележки инв: Ч2017 | Книги |
| Не е изгубен | Universal Decimal Classification | Не е повреден | без рестрикции | ползва се в читалня | 98522 | Регионална библиотека "Любен Каравелов" Русе | Регионална библиотека "Любен Каравелов" Русе | Хранилище | 1978-01-01 | Хранилище | 0.91 | 255312 | Цб 91529 | 120000255312 | 2 | 0.47 | Дост: Dp Вид: Д N: стар фонд Дата: 01.01.1978 | Книги |